Escarabeos del museo arqueológico de Ibiza

Tallennettuna:
Bibliografiset tiedot
Päätekijät: Fernández, Jorge H (Tekijä), Prado, Josep (Tekijä)
Aineistotyyppi: Kirja
Kieli:espanja
Julkaistu: Ibiza Govern Balear 1982
Sarja:Trabajos del Museo Arqueológico de Ibiza, 7
Aiheet:
Tagit: Lisää tagi
Ei tageja, Lisää ensimmäinen tagi!

MARC

LEADER 00000nam a2200000 a 4500
001 UCP7840
003 CL-VaPUC
008 000106e19820000SP |||||||||||||||||spa|d
082 0 4 |a 930.146  |b FER  |2 21 
100 0 |a Fernández, Jorge H  |e author  |9 437476 
700 0 |a Prado, Josep  |e author  |9 437477 
245 1 0 |a Escarabeos del museo arqueológico de Ibiza 
300 |a 247 p 
942 |c BK 
945 |d 20000106 00:00:00  |a rherrera 
260 |a Ibiza  |b Govern Balear  |c 1982 
650 0 |a Arqueología   |9 265619 
650 0 |a Arte púnico  |9 437438 
650 7 |a EGIPCIOS  |2 CL-VaPUC  |9 373469 
651 7 |a IBIZA  |2 CL-VaPUC  |9 437478 
651 0 |a España  |9 254926 
583 |a last modification  |c 20000106 00:00:00  |k Rodrigo Vera 
490 0 |a Trabajos del Museo Arqueológico de Ibiza, 7 
999 |c 284882  |d 284880 
952 |0 0  |1 0  |4 0  |6 930_146000000000000_FER_1982  |7 0  |8 A  |9 329181  |a BIBHIS  |b BIBHIS  |d 2019-11-20  |i 137978K  |o 930.146 FER 1982  |p 137978K  |r 2025-01-20  |w 2019-11-20  |y BK  |k HIS